| 000 | 00805nmc a2200265 a 4500 | ||
|---|---|---|---|
| 003 | AR-BaBNM | ||
| 005 | 20251128202715.0 | ||
| 008 | 245020s1996 ||||||||||||||000 | spa|| | ||
| 020 | _a84-7112-397-5 | ||
| 040 | _cAR-BaBNM | ||
| 100 | 1 | _aZambrano, María | |
| 245 | 1 | 0 | _aHorizonte del liberalismo |
| 260 |
_aMadrid _bEdiciones Morata _c1996 |
||
| 300 | 0 | _a271 p. | |
| 490 | 0 | _aRaíces de la memoria | |
| 500 | 0 | _aEstudio introductorio : La política desde su envés histórico-vital : historia trágica de la esperanza y sus utopías de Jesús Moreno Sanz | |
| 650 | 4 | _aLIBERALISMO | |
| 650 | 4 | _aETICA | |
| 650 | 4 | _aHISTORIA DE LA FILOSOFIA | |
| 650 | 4 | _aHISTORIA DE LAS IDEAS | |
| 650 | 4 | _aHISTORIA POLITICA | |
| 700 | 1 |
_aMoreno Sanz, Jesús _eeditor |
|
| 942 | _cBK | ||
| 998 | _cme-solo cat | ||
| 999 |
_c202 _d202 |
||